[Event "Online Olym Div2 B 2020"]
[Site "chess.com INT"]
[Date "2020.08.15"]
[Round "6.1"]
[Board "5"]
[White "Alexakis, Dimitris"]
[Black "Schitco, Ivan"]
[Result "0-1"]
[WhiteTitle "FM"]
[BlackTitle "IM"]
[WhiteElo "2450"]
[BlackElo "2467"]
[WhiteTeam "Greece"]
[BlackTeam "Moldova"]
[WhiteFideId "4277023"]
[BlackFideId "13905465"]
[EventDate "2020.08.14"]
[EventType "team"]

1. e4 e5 2. Nf3 Nc6 3. Bc4 Nf6 4. d4 exd4 5. O-O Nxe4 6. Re1 d5 7. Bxd5 Qxd5 8.
Nc3 Qd7 9. Nxe4 Be7 10. Bg5 O-O 11. Bxe7 Qxe7 12. Nxd4 Bd7 13. Nb3 Rad8 14. Nec5
Bc8 15. Rxe7 Rxd1+ 16. Rxd1 Nxe7 17. f3 b6 18. Ne4 f6 19. Kf2 Kf7 20. Nc3 a6 21.
a3 Bf5 22. Nd4 Bg6 23. Rd2 Rd8 24. Ke1 h6 25. Nde2 Rc8 26. h4 Bh7 27. h5 Ke8 28.
Nf4 Bg8 29. Nd1 Rd8 30. Ne3 Bf7 31. g4 a5 32. Ke2 Rxd2+ 33. Kxd2 Kd7 34. Kd3 Bg8
35. Kd2 Bh7 36. c4 Kd6 37. b4 axb4 38. axb4 Nc6 39. Kc3 Ne5 40. Nf5+ Bxf5 41.
gxf5 Nxf3 42. Ne6 c5 43. Nxg7 Nd4 44. Ne8+ Ke5 45. Nc7 Nxf5 46. Nd5 cxb4+ 47.
Kxb4 Ng7 48. Nxb6 Nxh5 49. c5 Nf4 50. Nd7+ Kf5 51. c6 h5 52. Kc4 Ne6 53. Kd5 h4
54. Nf8 Nc7+ 55. Kd6 Nb5+ 56. Kc5 Na7 57. c7 h3 58. Kb6 Nc8+ 59. Kb7 Ne7 60. Ng6
Kxg6 61. c8=Q Nxc8 62. Kxc8 h2 0-1

[Event "Online Olym Div2 B 2020"]
[Site "chess.com INT"]
[Date "2020.08.15"]
[Round "6.1"]
[Board "6"]
[White "Mihailova, Alina"]
[Black "Avramidou, Anastasia"]
[Result "0-1"]
[BlackTitle "FM"]
[WhiteElo "1741"]
[BlackElo "2267"]
[WhiteTeam "Moldova"]
[BlackTeam "Greece"]
[WhiteFideId "13907018"]
[BlackFideId "4239873"]
[EventDate "2020.08.14"]
[EventType "team"]

1. d4 Nf6 2. c4 g6 3. Nf3 Bg7 4. g3 O-O 5. Bg2 d5 6. cxd5 Nxd5 7. O-O Nc6 8. Nc3
Nxc3 9. bxc3 e5 10. e3 Re8 11. Ba3 e4 12. Nd2 f5 13. Qb3+ Kh8 14. Rfd1 Na5 15.
Qa4 b6 16. Rab1 Bd7 17. Qc2 Rc8 18. c4 Qf6 19. c5 Be6 20. Bf1 Qf7 21. Ra1 h6 22.
Rdc1 g5 23. Nc4 Nxc4 24. Bxc4 f4 25. Bxe6 Qxe6 26. Qc4 Qg4 27. Rc2 c6 28. cxb6
axb6 29. Rb1 b5 30. Qe2 f3 31. Qf1 Qe6 32. Bb4 Rc7 33. Rbc1 Ra8 34. a3 Rac8 35.
Qd1 Rd7 36. Qe1 h5 37. Rc5 Bf6 38. Rxb5 h4 39. Rbc5 hxg3 40. fxg3 Rh7 41. R5c2
Qd5 42. Rc5 Qd7 43. R5c2 Qd5 44. Qc3 c5 45. Bxc5 g4 46. Qb4 Qg5 47. Qe1 Qd5 48.
Bb4 Rxc2 49. Rxc2 Rf7 50. Rc8+ Kh7 51. Rc5 Qa2 52. Qf2 Qb1+ 53. Qf1 Qb3 54. Rh5+
Kg6 55. Ra5 Qxe3+ 56. Kh1 Bxd4 57. Ra6+ Rf6 58. Rxf6+ Bxf6 59. Bd6 Qd4 60. Bf4
Qb2 61. a4 Qc2 62. a5 Qb3 63. a6 e3 64. a7 e2 65. Qe1 Qb7 66. Be3 f2# 0-1

[Event "Online Olym Div2 B 2020"]
[Site "chess.com INT"]
[Date "2020.08.15"]
[Round "6.2"]
[Board "1"]
[White "Severino, Sander"]
[Black "Kantans, Toms"]
[Result "1/2-1/2"]
[WhiteTitle "FM"]
[BlackTitle "GM"]
[WhiteElo "2364"]
[BlackElo "2499"]
[WhiteTeam "IPCA"]
[BlackTeam "Latvia"]
[WhiteFideId "5204100"]
[BlackFideId "11602945"]
[EventDate "2020.08.14"]
[EventType "team"]

1. d4 Nf6 2. c4 e6 3. Nf3 b6 4. g3 Bb7 5. Bg2 Bb4+ 6. Nbd2 O-O 7. O-O a5 8. Qc2
d5 9. a3 Bd6 10. b3 Nbd7 11. Bb2 Rc8 12. Rfd1 Qe7 13. Ne5 c5 14. Nxd7 Nxd7 15.
e3 Nf6 16. a4 cxd4 17. Bxd4 e5 18. Bb2 Bb4 19. Qf5 Bxd2 20. Rxd2 dxc4 21. Bxe5
Bxg2 22. Bxf6 Qxf6 23. Qxf6 gxf6 24. Kxg2 c3 25. Rc2 Rc5 26. Rd1 Rfc8 27. Rd6 b5
28. Rxf6 b4 29. Rd6 Kf8 30. Kf3 Ke7 31. Rd4 h5 32. Ke2 Ke6 33. Kd3 f6 34. Ke2
R8c7 35. Kd1 Rd5 36. Rxd5 Kxd5 37. Ke2 Ke4 38. f3+ Ke5 39. Kd3 Rd7+ 40. Ke2 f5
41. h4 Rd6 42. Ra2 Rg6 43. Kf2 Rd6 44. Ke2 Rd8 45. Rc2 Rd7 46. Ke1 Rg7 47. Kf2
Rg8 48. Ra2 Rd8 49. Ke2 Rd7 50. Rc2 Rd6 51. Ra2 1/2-1/2

[Event "Online Olym Div2 B 2020"]
[Site "chess.com INT"]
[Date "2020.08.15"]
[Round "6.2"]
[Board "2"]
[White "Reimanis, Ritvars"]
[Black "Obodchuk, Andrei"]
[Result "1/2-1/2"]
[WhiteTitle "FM"]
[BlackTitle "IM"]
[WhiteElo "2421"]
[BlackElo "2299"]
[WhiteTeam "Latvia"]
[BlackTeam "IPCA"]
[WhiteFideId "11602988"]
[BlackFideId "4114310"]
[EventDate "2020.08.14"]
[EventType "team"]

1. d4 Nf6 2. c4 g6 3. Nc3 d5 4. cxd5 Nxd5 5. e4 Nxc3 6. bxc3 Bg7 7. Be3 c5 8.
Qd2 Qa5 9. Rc1 O-O 10. Nf3 Nd7 11. Bd3 e5 12. d5 f5 13. Qe2 fxe4 14. Bxe4 Nf6
15. Nd2 Qxa2 16. Bxc5 Re8 17. Bd3 Bh6 18. Be3 Bxe3 19. fxe3 Bg4 20. Qf2 Rf8 21.
Ne4 Qa3 22. Nxf6+ Rxf6 23. Qd2 Qc5 24. c4 e4 25. Rf1 Rxf1+ 26. Bxf1 b6 27. Qd4
Qd6 28. g3 Rf8 29. Be2 Bf3 30. c5 bxc5 31. Qxc5 Qf6 32. Qc6 Qb2 33. Qc2 Qa3 34.
Qc3 Qa2 35. Qc4 Qa5+ 36. Qc3 Qd8 37. Qe5 Bxe2 38. Qe6+ Kh8 39. Qe5+ Qf6 40.
Qxf6+ Rxf6 41. Kxe2 Rd6 42. Rc8+ Kg7 43. Rc7+ Kh6 44. Rxa7 Rxd5 45. Re7 Ra5 46.
Rxe4 Ra2+ 47. Kf3 Rxh2 1/2-1/2

[Event "Online Olym Div2 B 2020"]
[Site "chess.com INT"]
[Date "2020.08.15"]
[Round "6.2"]
[Board "3"]
[White "Aleksandrova, Aleksandra"]
[Black "Rogule, Laura"]
[Result "0-1"]
[WhiteTitle "WFM"]
[BlackTitle "WGM"]
[WhiteElo "1791"]
[BlackElo "2297"]
[WhiteTeam "IPCA"]
[BlackTeam "Latvia"]
[WhiteFideId "4144198"]
[BlackFideId "11601876"]
[EventDate "2020.08.14"]
[EventType "team"]

1. d4 d5 2. e3 Nf6 3. Bd3 b6 4. Nd2 Bb7 5. f4 g6 6. Qf3 Bg7 7. g4 c5 8. c3 Nc6
9. Ne2 Qc7 10. h4 h5 11. g5 Ng4 12. Ng3 cxd4 13. exd4 Bxd4 14. Ndf1 Bg7 15. f5
Nge5 16. Qe2 Nxd3+ 17. Qxd3 Ne5 18. Qe2 d4 19. Rh3 dxc3 20. f6 exf6 21. gxf6
Bxf6 22. Ne4 Bxe4 23. Qxe4 O-O 24. Rxc3 Qd8 25. Bh6 Re8 26. Ne3 Ng4 27. Qf4
Bxc3+ 28. bxc3 Rxe3+ 29. Kf1 Qd3+ 30. Kg2 Qe2+ 31. Kh1 Nf2+ 32. Kg1 Nh3+ 33. Kh1
Nxf4 34. Bxf4 Qf3+ 35. Kh2 Re2+ 36. Kg1 Qg2# 0-1

[Event "Online Olym Div2 B 2020"]
[Site "chess.com INT"]
[Date "2020.08.15"]
[Round "6.2"]
[Board "4"]
[White "Gorozhankina, Julia"]
[Black "Kaydanovich, Marina"]
[Result "1-0"]
[WhiteTitle "WFM"]
[BlackTitle "WIM"]
[WhiteElo "2035"]
[BlackElo "1734"]
[WhiteTeam "Latvia"]
[BlackTeam "IPCA"]
[WhiteFideId "4199650"]
[BlackFideId "4134877"]
[EventDate "2020.08.14"]
[EventType "team"]

1. Nf3 Nf6 2. d4 d5 3. e3 e6 4. Be2 Nbd7 5. O-O c5 6. c4 Bd6 7. Nc3 cxd4 8. Nxd4
a6 9. cxd5 exd5 10. Nf5 Bf8 11. Nxd5 Nxd5 12. Qxd5 Nf6 13. Qe5+ Be6 14. Rd1 Qb8
15. Qxb8+ Rxb8 16. Nd4 Bd7 17. Bd2 Ne4 18. Be1 Be7 19. Bf3 Ng5 20. Bd5 h5 21.
Rac1 Rh6 22. h4 Ne6 23. Nf5 Rg6 24. Nxe7 Kxe7 25. Bb4+ Ke8 26. Bd6 Rc8 27. Be5
Nd8 28. Bf4 Nc6 29. Bxf7+ Kxf7 30. Rxd7+ Ke8 31. Rxb7 1-0

[Event "Online Olym Div2 B 2020"]
[Site "chess.com INT"]
[Date "2020.08.15"]
[Round "6.2"]
[Board "5"]
[White "Lipilin, Ilia"]
[Black "Batashevs, Arsens"]
[Result "0-1"]
[WhiteTitle "FM"]
[WhiteElo "2189"]
[BlackElo "2149"]
[WhiteTeam "IPCA"]
[BlackTeam "Latvia"]
[WhiteFideId "54113245"]
[BlackFideId "11603593"]
[EventDate "2020.08.14"]
[EventType "team"]

1. d4 g6 2. c4 Bg7 3. e4 Nc6 4. d5 Nd4 5. Nc3 c5 6. Nge2 d6 7. Nxd4 Bxd4 8. Bd3
Nf6 9. Ne2 h6 10. Nxd4 cxd4 11. O-O g5 12. Bc2 Qb6 13. Qd3 Bg4 14. f3 Bh5 15. g4
Bg6 16. Rd1 Rc8 17. b3 Nxd5 18. Qxd4 Nb4 19. Qxb6 axb6 20. Bb1 f6 21. Be3 Rc6
22. Rc1 h5 23. h3 hxg4 24. hxg4 Bf7 25. a3 Na6 26. Ba2 Nb8 27. b4 Nd7 28. Bb3
Ne5 29. Ba4 Nxf3+ 30. Kg2 Ne5 31. Bxb6 Rh4 32. Bxc6+ bxc6 33. a4 Rxg4+ 34. Kf1
Rf4+ 35. Ke2 Rxe4+ 36. Kf2 Nd3+ 37. Kf3 Rf4+ 38. Ke3 Nxc1 39. Rxc1 Bxc4 40. Bd4
Bd5 41. a5 Rf3+ 42. Kd2 Ra3 43. Bc3 Kd7 44. Rb1 Bc4 45. Rh1 g4 46. Rh7 Ke6 47.
Rh4 Kf5 48. Kc2 Bb5 49. Kb2 Ra4 50. Bd2 e5 51. Rh6 g3 52. Rh8 Ke4 53. Rg8 Kf3
54. Be1 g2 55. Kb3 f5 56. Rg3+ Ke2 57. Bc3 Kf1 58. Rf3+ Ke2 59. Rg3 Kf2 60. Be1+
Kf1 61. Rxg2 Kxg2 0-1

[Event "Online Olym Div2 B 2020"]
[Site "chess.com INT"]
[Date "2020.08.15"]
[Round "6.2"]
[Board "6"]
[White "Limanovska, Elizabete"]
[Black "Dorozhkina, Mariya"]
[Result "1/2-1/2"]
[WhiteTitle "WFM"]
[BlackTitle "WFM"]
[WhiteElo "2179"]
[BlackElo "1705"]
[WhiteTeam "Latvia"]
[BlackTeam "IPCA"]
[WhiteFideId "11603542"]
[BlackFideId "54132185"]
[EventDate "2020.08.14"]
[EventType "team"]

1. e4 c5 2. Nf3 Nc6 3. d4 cxd4 4. Nxd4 Nf6 5. Nc3 g6 6. Be2 Bg7 7. Be3 O-O 8.
Qd2 d5 9. exd5 Nxd5 10. Nxd5 Qxd5 11. Bf3 Qd7 12. Nxc6 bxc6 13. Qxd7 Bxd7 14.
O-O-O Rfd8 15. Rd2 Be8 16. Rhd1 Rxd2 17. Rxd2 a5 18. c3 a4 19. Bc5 Bh6 20. Be3
Bxe3 21. fxe3 a3 22. b4 Kg7 23. Kc2 Rc8 24. Kb3 Ra8 25. c4 Kf6 26. c5 Ke6 27.
Bg4+ f5 28. Bf3 Ke5 29. b5 Ra5 30. Bxc6 Bxc6 31. bxc6 Rxc5 32. Rc2 Rxc2 33. Kxc2
Kd6 34. Kb3 Kxc6 35. Kxa3 g5 36. Kb4 e5 37. Kc4 f4 38. exf4 gxf4 39. a4 e4 40.
Kd4 e3 41. Kd3 Kc5 42. g3 e2 43. Kxe2 fxg3 44. hxg3 Kb4 45. Kf3 Kxa4 46. Kg4 Kb5
47. Kh5 Kc5 48. Kh6 Kd5 49. g4 Ke5 50. Kg5 Ke4 51. Kh4 Kf4 52. Kh5 Ke5 53. Kg5
Ke4 54. Kh6 Kf4 55. g5 Kf5 56. Kxh7 Kxg5 1/2-1/2

[Event "Online Olym Div2 B 2020"]
[Site "chess.com INT"]
[Date "2020.08.15"]
[Round "6.3"]
[Board "1"]
[White "Tin, Jingyao"]
[Black "Nabaty, Tamir"]
[Result "0-1"]
[WhiteTitle "IM"]
[BlackTitle "GM"]
[WhiteElo "2464"]
[BlackElo "2635"]
[WhiteTeam "Singapore"]
[BlackTeam "Israel"]
[WhiteFideId "5804418"]
[BlackFideId "2809052"]
[EventDate "2020.08.14"]
[EventType "team"]

1. d4 e6 2. c4 b6 3. Nc3 Bb7 4. a3 d5 5. Nf3 Nf6 6. Bg5 Be7 7. e3 O-O 8. cxd5
Nxd5 9. Bxe7 Qxe7 10. Nxd5 Bxd5 11. Rc1 Rc8 12. Be2 c5 13. dxc5 Rxc5 14. O-O Nd7
15. b4 Rxc1 16. Qxc1 a5 17. Qc7 axb4 18. axb4 Qd8 19. Qxd8+ Rxd8 20. Ra1 Rc8 21.
Nd4 e5 22. Nf5 Kf8 23. f3 Be6 24. Nd6 Rc2 25. Bb5 Nf6 26. e4 Ke7 27. Rd1 Rb2 28.
Bc4 Rxb4 29. Bxe6 fxe6 30. Nc8+ Kf7 31. Rd6 Rb1+ 32. Kf2 Rb2+ 33. Kf1 b5 34. Rb6
b4 35. Nd6+ Ke7 36. Nc4 Rb1+ 37. Ke2 Nd7 38. Rb7 Kd8 39. h4 h5 40. g4 g6 41.
gxh5 gxh5 42. Rb5 b3 43. Nd2 Rh1 44. Nxb3 Rxh4 45. Na5 Rh2+ 46. Kf1 Rc2 47. Rb7
h4 48. Ra7 h3 49. Kg1 Nf6 50. Rf7 Nh5 51. Nb7+ Kc8 52. Nd6+ Kb8 53. Rh7 h2+ 0-1

[Event "Online Olym Div2 B 2020"]
[Site "chess.com INT"]
[Date "2020.08.15"]
[Round "6.3"]
[Board "2"]
[White "Caspi, Israel"]
[Black "Liu, Xiangyi"]
[Result "0-1"]
[WhiteTitle "IM"]
[BlackTitle "IM"]
[WhiteElo "2489"]
[BlackElo "2377"]
[WhiteTeam "Israel"]
[BlackTeam "Singapore"]
[WhiteFideId "2807394"]
[BlackFideId "8605718"]
[EventDate "2020.08.14"]
[EventType "team"]

1. e4 e6 2. d4 d5 3. Nc3 Bb4 4. e5 c5 5. a3 Ba5 6. b4 cxd4 7. Qg4 Ne7 8. bxa5
dxc3 9. Qxg7 Rg8 10. Qxh7 Nbc6 11. Nf3 Bd7 12. Bf4 Qxa5 13. Ng5 Rf8 14. Be2 Qa4
15. g3 O-O-O 16. Nxf7 Rxf7 17. Qxf7 Qe4 18. f3 Qxc2 19. Kf2 Nd4 20. Rhe1 Nec6
21. Rac1 Qb2 22. Qh7 Nxe2 23. Rxe2 Qxa3 24. Qd3 Qc5+ 25. Be3 d4 26. Bxd4 Qxd4+
27. Qxd4 Nxd4 28. Rxc3+ Bc6 29. Rd2 Nb5 30. Rcd3 Rxd3 31. Rxd3 a5 32. h4 a4 33.
h5 Be8 34. g4 a3 35. Ke3 a2 36. Rd1 Na3 37. Rc1+ Kd8 38. Rd1+ Ke7 39. Kd3 Nb1
40. Kc2 a1=Q 41. Rxb1 Qa4+ 42. Rb3 Bc6 43. Kb2 Qd4+ 44. Ka3 Qxe5 45. Kb4 b6 46.
Rc3 Qd4+ 47. Kb3 Ba4+ 48. Kb2 b5 0-1

[Event "Online Olym Div2 B 2020"]
[Site "chess.com INT"]
[Date "2020.08.15"]
[Round "6.3"]
[Board "3"]
[White "Gong, Qianyun"]
[Black "Shvayger, Yuliya"]
[Result "1-0"]
[WhiteTitle "WGM"]
[BlackTitle "IM"]
[WhiteElo "2333"]
[BlackElo "2332"]
[WhiteTeam "Singapore"]
[BlackTeam "Israel"]
[WhiteFideId "8602425"]
[BlackFideId "14100126"]
[EventDate "2020.08.14"]
[EventType "team"]

1. e4 c5 2. Nc3 Nc6 3. Bb5 Nd4 4. Nf3 e6 5. O-O Ne7 6. Nxd4 cxd4 7. Ne2 Qb6 8.
Bd3 Nc6 9. c3 g6 10. b3 Bg7 11. Ba3 Bf8 12. Bxf8 Kxf8 13. Kh1 Kg7 14. f4 f5 15.
exf5 exf5 16. Ng3 d5 17. Re1 Qc5 18. b4 Qd6 19. b5 Nd8 20. Qf3 Nf7 21. c4 Bd7
22. cxd5 Rhe8 23. Bc4 Qc5 24. Rec1 Rac8 25. Ne2 Nd6 26. Bd3 Qb4 27. Qf2 Ne4 28.
Bxe4 Rxe4 29. Ng3 Ree8 30. Rcb1 Qc4 31. h3 Qxd5 32. Rb4 Bxb5 33. Rxd4 Qe6 34.
Kh2 Rc2 35. Rb1 Bc6 36. Rb3 Rxa2 37. Rbd3 Qe1 38. Rd7+ Bxd7 39. Rxd7+ Kh6 40.
Qd4 Re7 41. Nxf5+ Kh5 42. g4# 1-0

[Event "Online Olym Div2 B 2020"]
[Site "chess.com INT"]
[Date "2020.08.15"]
[Round "6.3"]
[Board "4"]
[White "Lahav, Michal"]
[Black "Fang, Kun"]
[Result "1-0"]
[WhiteTitle "WIM"]
[WhiteElo "2239"]
[BlackElo "1639"]
[WhiteTeam "Israel"]
[BlackTeam "Singapore"]
[WhiteFideId "2813742"]
[BlackFideId "5819660"]
[EventDate "2020.08.14"]
[EventType "team"]

1. c4 c6 2. g3 d5 3. b3 Nf6 4. Bg2 e6 5. Nf3 Be7 6. O-O O-O 7. Bb2 Nbd7 8. d3 b6
9. Nbd2 Bb7 10. Rc1 c5 11. d4 cxd4 12. Nxd4 Nc5 13. cxd5 Nxd5 14. Nc4 Rc8 15.
Qd2 Ba8 16. Rfd1 Bf6 17. e4 Bxd4 18. Qxd4 Nf6 19. Qe5 Qe7 20. Nd6 Rcd8 21. Nf5
Rxd1+ 22. Rxd1 Qb7 23. Nh6+ Kh8 24. Qxf6 1-0

[Event "Online Olym Div2 B 2020"]
[Site "chess.com INT"]
[Date "2020.08.15"]
[Round "6.3"]
[Board "6"]
[White "Levitan, Ronit"]
[Black "Rice, Lauren"]
[Result "0-1"]
[WhiteTitle "WCM"]
[WhiteElo "2005"]
[BlackElo "1514"]
[WhiteTeam "Israel"]
[BlackTeam "Singapore"]
[WhiteFideId "2815109"]
[BlackFideId "5824591"]
[EventDate "2020.08.14"]
[EventType "team"]

1. e4 c5 2. c3 e6 3. d4 Nc6 4. d5 exd5 5. exd5 Ne5 6. Qe2 Qe7 7. Be3 d6 8. Qb5+
Nd7 9. Nd2 Nf6 10. O-O-O Qd8 11. Re1 Be7 12. Bxc5 a6 13. Qa4 O-O 14. Bd4 Nxd5
15. Qb3 N5f6 16. Ngf3 b5 17. g4 Bb7 18. Rg1 Nd5 19. g5 Nf4 20. Rg4 Ne6 21. Bh3
Nxd4 22. Nxd4 Ne5 23. Nf5 Nd3+ 24. Kb1 Nxe1 25. Nxe7+ Qxe7 26. g6 Bc8 27. Re4
Qg5 28. gxf7+ Kh8 29. Rxe1 Bxh3 30. c4 Qxd2 31. Rd1 Bf5+ 32. Ka1 Qxf2 33. cxb5
axb5 34. a3 Bc2 0-1

[Event "Online Olym Div2 B 2020"]
[Site "chess.com INT"]
[Date "2020.08.15"]
[Round "6.4"]
[Board "1"]
[White "Parligras, Mircea-Emilian"]
[Black "Halvax, Georg"]
[Result "1-0"]
[WhiteTitle "GM"]
[BlackTitle "IM"]
[WhiteElo "2591"]
[BlackElo "2402"]
[WhiteTeam "Romania"]
[BlackTeam "Austria"]
[WhiteFideId "1204297"]
[BlackFideId "1619543"]
[EventDate "2020.08.14"]
[EventType "team"]

1. d4 d5 2. c4 e6 3. Nf3 Nf6 4. Nc3 Bb4 5. cxd5 exd5 6. Bg5 Nbd7 7. Nd2 Be7 8.
e3 O-O 9. Bd3 c6 10. O-O Re8 11. Qc2 Nf8 12. Rae1 Ng6 13. h3 b6 14. f4 c5 15.
Nf3 a6 16. Ne5 Bb7 17. Bf5 Nf8 18. Rd1 c4 19. a4 Rb8 20. b3 b5 21. axb5 axb5 22.
bxc4 dxc4 23. Nxb5 Bxg2 24. Qxg2 Rxb5 25. Qc6 Rb4 26. d5 h6 27. Bh4 Nh5 28. Bxe7
Rxe7 29. d6 Rxe5 30. fxe5 Qg5+ 31. Qg2 Ng3 32. Rf3 Rb2 33. Qxg3 1-0

[Event "Online Olym Div2 B 2020"]
[Site "chess.com INT"]
[Date "2020.08.15"]
[Round "6.4"]
[Board "2"]
[White "Kilgus, Georg"]
[Black "Miron, Lucian-Costin"]
[Result "1-0"]
[WhiteTitle "IM"]
[BlackTitle "GM"]
[WhiteElo "2461"]
[BlackElo "2507"]
[WhiteTeam "Austria"]
[BlackTeam "Romania"]
[WhiteFideId "1606212"]
[BlackFideId "1210920"]
[EventDate "2020.08.14"]
[EventType "team"]

1. e4 c5 2. Nf3 d6 3. Bb5+ Bd7 4. Bxd7+ Nxd7 5. c4 Ngf6 6. Nc3 e6 7. O-O Be7 8.
d3 O-O 9. Kh1 a6 10. Ng1 d5 11. f4 d4 12. Nce2 b5 13. b3 Rb8 14. e5 Ne8 15. Ng3
bxc4 16. bxc4 Qa5 17. Ne4 f5 18. exf6 Nexf6 19. Bd2 Qc7 20. Ng5 Qc6 21. Re1 h6
22. Rxe6 Bd6 23. Ne4 Nxe4 24. dxe4 Rbe8 25. Rxe8 Rxe8 26. e5 Bf8 27. Rb1 Nb6 28.
Qe2 g6 29. Ba5 Nd7 30. Nf3 Qa4 31. Be1 Qc6 32. h3 Rb8 33. Rxb8 Nxb8 34. Nd2 Kf7
35. Qe4 Qxe4 36. Nxe4 Ke6 37. g3 Kf5 38. Nf2 Nd7 39. Ba5 g5 40. fxg5 hxg5 41.
Bc7 Bg7 42. g4+ Ke6 43. Ne4 Bxe5 44. Nxg5+ Ke7 45. Bxe5 Nxe5 46. Ne4 d3 47. Nd2
Kf6 48. Kg2 Kg5 49. Kg3 Nc6 50. h4+ Kf6 51. Kf4 Nb4 52. a3 Nc2 53. a4 Ke6 54.
Ke4 Nb4 55. g5 Kd6 56. h5 Ke6 57. h6 Kf7 58. Kf5 Nc6 59. g6+ Kg8 60. Ke4 Nb4 61.
Ke5 a5 62. Kd6 1-0

[Event "Online Olym Div2 B 2020"]
[Site "chess.com INT"]
[Date "2020.08.15"]
[Round "6.4"]
[Board "3"]
[White "Bulmaga, Irina"]
[Black "Hapala, Elisabeth"]
[Result "1-0"]
[WhiteTitle "IM"]
[BlackTitle "WFM"]
[WhiteElo "2434"]
[BlackElo "2158"]
[WhiteTeam "Romania"]
[BlackTeam "Austria"]
[WhiteFideId "13903063"]
[BlackFideId "1622080"]
[EventDate "2020.08.14"]
[EventType "team"]

1. e4 c5 2. Nf3 e6 3. d4 cxd4 4. Nxd4 a6 5. Bd3 Bc5 6. Nb3 Ba7 7. Qe2 Nc6 8. Be3
d6 9. O-O Nf6 10. Bxa7 Rxa7 11. c4 O-O 12. Nc3 e5 13. Rfd1 Be6 14. Rac1 Ra8 15.
Nd5 Bxd5 16. exd5 Ne7 17. c5 Nexd5 18. Qf3 Nf4 19. cxd6 Nxd3 20. Qxd3 Qb6 21.
Qe3 Qxe3 22. fxe3 Rfd8 23. Rc7 b6 24. Rb7 Rab8 25. Rxb8 Rxb8 26. Rc1 Kf8 27. Nd2
Ke8 28. Rc7 Nd5 29. Ra7 Nxe3 30. Re7+ Kf8 31. Rxe5 Ng4 32. Re4 Nf6 33. Rc4 Ke8
34. Rc7 Rd8 35. Rc6 Nd7 36. Nc4 Rb8 37. Ne3 f6 38. Rc7 Nc5 39. Rxg7 Rd8 40. Nf5
Ne4 41. Re7+ Kf8 42. Rxe4 1-0

[Event "Online Olym Div2 B 2020"]
[Site "chess.com INT"]
[Date "2020.08.15"]
[Round "6.4"]
[Board "4"]
[White "Exler, Veronika"]
[Black "Peptan, Corina-Isabela"]
[Result "1-0"]
[WhiteTitle "WIM"]
[BlackTitle "IM"]
[WhiteElo "2155"]
[BlackElo "2392"]
[WhiteTeam "Austria"]
[BlackTeam "Romania"]
[WhiteFideId "1620550"]
[BlackFideId "1201930"]
[EventDate "2020.08.14"]
[EventType "team"]

1. e4 c6 2. d4 d5 3. Nc3 dxe4 4. Nxe4 Nf6 5. Nxf6+ exf6 6. c3 Bd6 7. Bd3 O-O 8.
Qc2 g6 9. h4 Re8+ 10. Ne2 Nd7 11. h5 f5 12. hxg6 hxg6 13. g4 f4 14. Bxg6 Nf6 15.
Bh7+ Kg7 16. g5 Ng4 17. f3 Ne3 18. Bxe3 Rxe3 19. O-O-O Rxf3 20. Bf5 Qg8 21. g6
fxg6 22. Rdg1 Rg3 23. Nxg3 fxg3 24. Bxg6 Qe6 25. Rh7+ Kf8 26. Rf1+ Kg8 27. Bf7+
Qxf7 28. Rfxf7 1-0

[Event "Online Olym Div2 B 2020"]
[Site "chess.com INT"]
[Date "2020.08.15"]
[Round "6.4"]
[Board "5"]
[White "Deac, Bogdan-Daniel"]
[Black "Blohberger, Felix"]
[Result "1-0"]
[WhiteTitle "GM"]
[BlackTitle "IM"]
[WhiteElo "2625"]
[BlackElo "2467"]
[WhiteTeam "Romania"]
[BlackTeam "Austria"]
[WhiteFideId "1226380"]
[BlackFideId "1632051"]
[EventDate "2020.08.14"]
[EventType "team"]

1. e4 c6 2. Nf3 d5 3. d3 g6 4. Nbd2 Bg7 5. g3 e5 6. Bg2 Ne7 7. O-O O-O 8. Re1 d4
9. Nc4 b5 10. Ncd2 h6 11. Nb3 Nd7 12. Bd2 a5 13. a4 b4 14. Bc1 c5 15. Nfd2 Nc6
16. f4 exf4 17. gxf4 Ra7 18. Nc4 Ne7 19. Qf3 Bb7 20. Qg3 f5 21. e5 Bxg2 22. Qxg2
Qc7 23. Nbd2 Re8 24. Nd6 Rea8 25. Nb5 Qb6 26. e6 Nf6 27. Nc4 Qd8 28. Nxa7 Rxa7
29. Ne5 Kh7 30. Bd2 Nfd5 31. h4 h5 32. Nf7 Qc7 33. Re5 Bxe5 34. fxe5 Ng8 35.
Qxd5 1-0

[Event "Online Olym Div2 B 2020"]
[Site "chess.com INT"]
[Date "2020.08.15"]
[Round "6.4"]
[Board "6"]
[White "Mayrhuber, Nikola"]
[Black "Lehaci, Miruna-Daria"]
[Result "0-1"]
[WhiteTitle "WFM"]
[BlackTitle "WFM"]
[WhiteElo "1991"]
[BlackElo "2223"]
[WhiteTeam "Austria"]
[BlackTeam "Romania"]
[WhiteFideId "1637819"]
[BlackFideId "1234765"]
[EventDate "2020.08.14"]
[EventType "team"]

1. d4 Nf6 2. Nf3 e6 3. g3 b5 4. Bg2 d5 5. a4 b4 6. c4 bxc3 7. Nxc3 Be7 8. O-O
O-O 9. Bg5 Nbd7 10. Rc1 c5 11. dxc5 Bxc5 12. e4 Qa5 13. exd5 exd5 14. Nd4 Ba6
15. Nb3 Qb6 16. Nxc5 Nxc5 17. Bxf6 Qxf6 18. Nxd5 Qd6 19. Nf6+ Qxf6 20. Rxc5 Rad8
21. Qc2 Bxf1 22. Bxf1 g6 23. Rc4 Rd4 24. Rc7 Rfd8 25. Kg2 Rd2 26. Qc5 Rxb2 27.
Rc8 Rxc8 28. Qxc8+ Kg7 29. Qc5 Qb6 30. Qe5+ Qf6 31. Qc5 a6 32. Qa7 Rb6 33. Bc4
Qc6+ 34. Kg1 Rb1+ 35. Bf1 Qc4 0-1

[Event "Online Olym Div2 B 2020"]
[Site "chess.com INT"]
[Date "2020.08.15"]
[Round "6.5"]
[Board "1"]
[White "Druska, Juraj"]
[Black "Kulpruethanon, Thanadon"]
[Result "0-1"]
[WhiteTitle "IM"]
[BlackTitle "FM"]
[WhiteElo "2515"]
[BlackElo "2282"]
[WhiteTeam "Slovakia"]
[BlackTeam "Thailand"]
[WhiteFideId "14915650"]
[BlackFideId "6201610"]
[EventDate "2020.08.14"]
[EventType "team"]

1. e4 c5 2. Nf3 Nc6 3. d4 cxd4 4. Nxd4 g6 5. c4 Nf6 6. Nc3 d6 7. Be2 Nxd4 8.
Qxd4 Bg7 9. Be3 O-O 10. Qd2 a5 11. O-O a4 12. Bd4 Qa5 13. Rad1 Bd7 14. Bd3 Bc6
15. Rfe1 Nd7 16. Bxg7 Kxg7 17. Re3 Nc5 18. Rh3 h5 19. Rxh5 Rh8 20. Rxh8 Rxh8 21.
f3 e5 22. Bf1 Rd8 23. Kh1 Ne6 24. Ne2 Qb6 25. Ng3 Nf4 26. Ne2 Ne6 27. Ng3 Nf4
28. Qc3 Qf2 29. c5 Rh8 30. cxd6 f6 31. Qe1 Qxb2 32. Rd2 Qb4 33. Ne2 Nd3 34. a3
Qa5 0-1